| 000 | 00541nam a22001457a 4500 | ||
|---|---|---|---|
| 008 | 140826b xxu||||| |||| 00| 0 eng d | ||
| 020 | _a0406090831 | ||
| 050 | _aKD275.4.L3912 | ||
| 245 |
_aThe Law Reports, Appeal Cases(1888 vol.13): Under the superintendence and control of the Incorporated Council of Law Reporting for England and Wales. / _cedited by Stone, A.P. |
||
| 260 |
_aLondon: _bButterworth & Co. Ltd, _c1888. |
||
| 300 |
_axii, 835p. _c24cm. |
||
| 440 |
_pAppeal cases, 1888. _vVol. 13 |
||
| 700 | _aStone, A.P. | ||
| 942 |
_2lcc _cBK |
||
| 999 |
_c3730 _d11230 |
||